88 punca gagal

Bibliographic Details
Main Author: Idris Mohd Said
Format: Book
Published: Cheras : Desq Pub. , 2006
Subjects:

MARC

LEADER 00000cam a2200000 7i4500
001 0000036132
005 20130605.0
008 130605
020 |a 9833399096 
090 0 0 |a 158.1   |b IDR 
100 0 |a Idris Mohd Said 
245 1 0 |a 88 punca gagal   |c Idris Mohd Said 
260 |a Cheras :   |b Desq Pub. ,   |c 2006 
650 0 |a Motivation   |x Psychology 
999 |a 0001227814   |b Book   |c Adult Collection   |e Perbadanan Perpustakaan Awam Johor 
999 |a 0001227815   |b Book   |c Adult Collection   |e Perbadanan Perpustakaan Awam Johor